| 000 | 00580nam a2200181 a 4500 | ||
|---|---|---|---|
| 005 | 20240808063710.0 | ||
| 008 | 991125 19651990mx 000 0 spa u | ||
| 020 | _a9681807340 | ||
| 035 | _aUPN01000021069 | ||
| 049 | _aCG | ||
| 050 | 4 |
_aHA29 _bO8.48 |
|
| 100 | 1 | _aOstle, Bernard | |
| 245 | 1 | 0 |
_aEstadística aplicada : _btécnicas de la estadística moderna, cuándo y dónde aplicarlas / _cBernard Ostle ; tr. Dagoberto de la Serna Valdivia. |
| 260 |
_aMéxico : _bLimusa : _bNoriega, _c1965 (1990 impr.) |
||
| 300 | _a629 p. | ||
| 650 | 4 |
_aEstadística _92988 |
|
| 905 | _aLibro | ||
| 999 |
_c21069 _d21069 |
||